000
00311nam a2200121Ia 4500
005
20251222154431.0
008
251222s9999||||xx |||||||||||||| ||spa||
020
_a
0-13-149757-X
082
_a
624.021.8/N28
100
_a
"Nawy, Edward G."
245
0
_a
Reinforced concrete. A fundamental approach
942
_c
LIB
999
_c
36439
_d
36439